[Event "IRI-ch U14 Girls"]
[Site "Chess.com INT"]
[Date "2021.01.16"]
[Round "5"]
[White "Safarian, Fatemeh"]
[Black "Bagherzadeh, Narges"]
[Result "0-1"]
[WhiteElo "1472"]
[BlackElo "1168"]
[PlyCount "88"]
[EventDate "2021.01.16"]
[EventType "swiss"]
[EventRounds "9"]
[EventCountry "IRI"]
[SourceTitle "EXT 2022"]
[Source "ChessBase"]
[SourceDate "2021.10.06"]
[SourceVersion "1"]
[SourceVersionDate "2021.10.06"]
[SourceQuality "1"]

1. c4 e6 2. g3 d5 3. Bg2 c5 4. Nf3 d4 5. 0-0 Bd6 6. b3 e5 7. e3 Nc6 8. exd4 cxd4 9. d3 Nf6 10. Nbd2 Qc7 11. Ne4 Nxe4 12. dxe4 h5 13. h4 Bg4 14. Qd3 Nb4 15. Qd2 Na6 16. Nh2 Be6 17. f4 Bb4 18. Qe2 Qb6 19. Kh1 Rd8 20. Bd2 exf4 21. Rxf4 d3 22. Qe1 Bc5 23. Nf1 Nb4 24. Bxb4 Bxb4 25. Nd2 Qa5 26. Rf2 g5 27. Qc1 Qe5 28. Nf1 d2 29. Nxd2 Bxd2 30. Qf1 Qxg3 31. Rf3 Qxh4+ 32. Kg1 Bf4 33. Qf2 Qh2+ 34. Kf1 Be5 35. Re1 g4 36. Rf5 Bd4 37. Re3 Bxe3 38. Qxe3 Rd1+ 39. Ke2 Ra1 40. Qd4 Qxg2+ 41. Rf2 Rxa2+ 42. Kd3 Qxf2 43. Qxh8+ Ke7 44. b4 Qd2# 0-1